| 000 | 00619nam a2200217 i 4500 | ||
|---|---|---|---|
| 001 | 58141 | ||
| 003 | ES-MaACL | ||
| 005 | 20230906163733.0 | ||
| 007 | t| | ||
| 008 | 031021s1960 sp ||||1| spa d | ||
| 100 | 1 |
_aDumay, Raymond. _945992 |
|
| 245 | 1 | 0 |
_aA ti Corisa _b: novela / _cRaymond Dumay ; [traducción del francés por Mª Dolores Soler]. |
| 250 | _a[1ª ed.]. | ||
| 260 |
_aBarcelona : _bPlaneta, _c[1960] |
||
| 300 |
_a389 p. ; _c19 cm. |
||
| 490 | 1 | _aGoliat | |
| 700 | 1 |
_aSoler, María Dolores. _9107155 |
|
| 830 | 0 |
_aGoliat _9181396 |
|
| 852 |
_aES-MaACL _jC-17662 _bR.45820 |
||
| 999 |
_c58141 _d58141 |
||